000 00488nam a2200133 a 4500
008 120416s1967 ||||||||||||||||| || u
050 _aDS 491.A6 Mat
100 _aMathur, K. Kumar
245 1 0 _aNicobar islands
260 _aNew Delhi
_bNational Book Trust
_c1967
300 _aix, 239p. : ill.
350 _a0.00
995 _D0.00
_FCBU-MAIN LIBRARY (Kitwe)
_H1
_I0.00
_M1
_UAVAILABLE
_WJul 21, 2006
_ZMain Library Open Access Collection
999 _c52255
_d52255